| 000 | 00786cam a2200265 4500 | ||
|---|---|---|---|
| 001 | 5945 | ||
| 010 | _a9724302644 | ||
| 021 | _b87874/95 | ||
| 090 | _a5945 | ||
| 100 | _a20211231d1995 d||y0pory5003 ba | ||
| 200 | 1 |
_aFábulas _fLa Fontaine _gil. António Modesto, trad. António Sabler |
|
| 205 | _a2ª ed. | ||
| 210 | 9 |
_aPorto _cEdinter _dimp. 1995 |
|
| 215 |
_a[88] p. _cil. |
||
| 606 |
_914 _aLiteratura infantil |
||
| 606 |
_913 _aLiteratura Estrangeira |
||
| 675 |
_a821.133.1-342"16" _vBN _zpor |
||
| 675 |
_a821.133.1-93"16" _vBN _zpor |
||
| 675 |
_a087.5 _vBN _zpor |
||
| 700 |
_aLa Fontaine _bJean de _f1621-1695 _94024 |
||
| 702 |
_aModesto _bAntónio _f1957- _91344 |
||
| 702 |
_aSabler _bAntónio _f1941- _92766 |
||
| 801 | 0 |
_aPT _bBMVN _gRPC |
|
| 830 |
_cInês Silva _d31/12/2021 |
||
| 990 | _cLIVROS | ||